[Event "24th Barcelona Open-A 2019"]
[Site "Barcelona"]
[Date "2019.10.05"]
[Round "9.15"]
[White "Cruz, Jonathan"]
[Black "Gomez Anadon, Daniel"]
[Result "1/2-1/2"]
[WhiteElo "2403"]
[BlackElo "2245"]
[Annotator "TA"]
[PlyCount "75"]
[EventDate "2019.09.27"]
[EventType "swiss"]
[EventCountry "ESP"]
[SourceTitle "playchess.com"]
[Source "ChessBase"]
[SourceQuality "1"]

{[%evp 23,75,35,43,35,32,18,27,23,20,19,29,22,27,32,21,0,0,-24,-27,-12,0,0,0,0,0,-8,0,0,0,0,0,0,0,-11,-11,-27,-28,-28,-28,-28,-28,-31,-29,-31,-28,-28,-28,-28,-28,-28,-28,-28,-28,-28]} 1. d4 d5 2. Nf3 Nf6 3. c4 e6 4. e3 c6 5. Bd3 Nbd7 6. O-O Bd6 7. Nbd2 O-O 8. e4 dxe4 9. Nxe4 Nxe4 10. Bxe4 h6 11. Bc2 e5 12. c5 Bc7 13. Qd3 {[%csl Gc2][%cal Rd3h7] [#] D46: Semi-Slav: 5 e3 Nbd7 6 Bd3, Black avoids the Meran} f5 14. Qc4+ Kh8 {Black wants to play ...e4.} 15. dxe5 $146 {White has an edge.} ({Predecessor:} 15. Nxe5 Nxe5 16. dxe5 {½-½ (31) Cvitan,O (2495)-Arkhipov,S (2540) Tbilisi 1986}) 15... Nxe5 16. Nxe5 Bxe5 17. Bf4 Qd4 18. Qxd4 Bxd4 19. Bd6 Re8 20. Rae1 Be6 21. b3 b6 22. cxb6 axb6 23. a4 Bd5 24. Bf4 c5 25. h4 g5 26. hxg5 hxg5 27. Bc7 f4 28. Bxb6 g4 29. Rxe8+ Rxe8 30. b4 g3 31. Bxc5 gxf2+ 32. Kh2 Be3 $1 {[#] And now ...Rg8 would win.} 33. Bf5 Re5 34. Bg4 {Black has an edge.} Bc4 35. Rxf2 {Threatens to win with Rb2.} Rxc5 36. bxc5 Bxf2 37. c6 Bb6 {Hoping for ...Bd5.} 38. g3 {Accuracy: White = 78%, Black = 81%.} 1/2-1/2

[Event "24th Barcelona Open-A 2019"]
[Site "Barcelona"]
[Date "2019.10.05"]
[Round "9.16"]
[White "Song, Raymond"]
[Black "Nebolsina, Vera"]
[Result "1-0"]
[WhiteElo "2456"]
[BlackElo "2252"]
[Annotator "TA"]
[PlyCount "83"]
[EventDate "2019.09.27"]
[EventType "swiss"]
[EventCountry "ESP"]
[SourceTitle "playchess.com"]
[Source "ChessBase"]
[SourceQuality "1"]

{[%evp 19,83,40,47,35,68,36,49,47,55,43,54,37,60,31,24,-28,-26,-35,105,81,187,29,218,218,214,62,72,64,62,55,74,26,154,146,145,153,154,142,185,187,193,189,193,205,201,160,166,168,172,173,162,158,213,126,211,209,200,208,382,387,581,574,659,659,6079,6050]} 1. d4 Nf6 2. c4 g6 3. g3 Bg7 4. Bg2 d6 5. Nf3 O-O 6. O-O Nc6 7. Nc3 Bf5 8. d5 Na5 9. Nd2 c5 10. e4 Bd7 11. Qc2 {E62: King's Indian: Fianchetto: 6...c6 and Panno Variation (6...Nc6) without ...a6} Qc8 (11... e5 12. a3 b6 13. b4 Nb7 14. Bb2 Ng4 15. h3 Nh6 16. Ne2 f5 17. f4 Nf7 18. b5 Qe7 {0-1 (37) Yakubboev,N (2556)-Mchedlishvili,M (2610) St Petersburg 2018}) 12. Re1 $146 ({Predecessor:} 12. b3 a6 13. Bb2 b5 14. Rae1 Ne8 15. Nd1 b4 16. f4 Bh3 17. e5 f6 18. e6 Bxg2 19. Kxg2 {1-0 (34) Burnett,J (2104)-Kissoon,A (2115) England 1998}) 12... a6 13. b3 {White is slightly better.} b5 14. Bb2 Rb8 15. Rab1 Bh3 16. Bh1 e5 17. dxe6 (17. Nd1 $142) 17... fxe6 $11 18. e5 Ng4 (18... dxe5 $15 {keeps the upper hand.} 19. Nce4 Nxe4 20. Nxe4 bxc4) 19. Nce4 $16 Nxe5 (19... Nc6 $16) 20. cxb5 $2 {[#]} (20. f4 $18 Nec6 21. Bxg7 (21. Nxd6 Nd4 $11) 21... Kxg7 22. cxb5 (22. Nxd6 Qc7 $16) 22... axb5 23. Qc3+ (23. Nxd6 Nd4 $16) 23... Kg8 24. Nxd6) 20... axb5 $2 (20... d5 $1 $11 {and Black has nothing to worry.}) 21. Nxd6 $18 Qc7 22. N2e4 $2 (22. Rxe5 $18 Qxd6 23. Ne4 {[%mdl 64] Double Attack}) 22... c4 $14 23. bxc4 bxc4 24. Bc3 $1 Nd3 25. Red1 Nc6 (25... Bxc3 $11 {remains equal.} 26. Rxb8 (26. Qxc3 Rxb1 27. Rxb1 Qa7 $14) 26... Qxb8 27. Qxc3 Qb2) 26. Rxb8 ({Resist} 26. Nxc4 $6 Ncb4 $14) 26... Rxb8 27. Bxg7 ({Much less strong is} 27. Nxc4 $6 Ncb4 $14) 27... Qxg7 28. Nxc4 Nce5 29. Nxe5 Nxe5 30. Qc3 Rf8 31. f4 Bg4 32. Re1 Nf3+ 33. Bxf3 Qxc3 34. Nxc3 Bxf3 35. Rxe6 $18 {[%mdl 4096] Endgame KRB-KRN} Bg4 (35... Rb8 $16 36. Kf2 Bg4) 36. Re7 (36. Rc6 $18) 36... g5 (36... Rc8 $16) 37. fxg5 Bh3 {[%csl Gh3][%cal Rf8f1] [#]} 38. Re1 Kg7 $2 (38... Rf5 39. Ne4 Ra5) 39. Nd5 Ra8 (39... Rd8 {is a better defense.} 40. Re7+ Kf8 41. Rxh7 Rxd5 42. Rxh3 Kf7) 40. Re7+ {White is clearly winning.} Kf8 41. Rxh7 Be6 42. Rh8+ {Accuracy: White = 52%, Black = 25%.} 1-0

[Event "24th Barcelona Open-A 2019"]
[Site "Barcelona"]
[Date "2019.10.05"]
[Round "9.17"]
[White "Mahmud, Syarif"]
[Black "Veinberg, Nimrod"]
[Result "0-1"]
[WhiteElo "2170"]
[BlackElo "2411"]
[Annotator "TA"]
[PlyCount "42"]
[EventDate "2019.09.27"]
[EventType "swiss"]
[EventCountry "ESP"]
[SourceTitle "playchess.com"]
[Source "ChessBase"]
[SourceQuality "1"]

{[%evp 12,76,0,-8,-1,0,-18,-12,1,-33,-35,-50,-32,-33,-37,-61,-28,-63,-8,-9,-12,-18,-12,-15,-14,-18,-10,-12,-14,-35,-41,-155,-126,-120,-120,-117,-101,-135,-134,-133,-125,-152,-141,-188,-191,-186,-179,-180,-195,-200,-196,-208,-187,-191,-148,-166,-158,-333,-217,-217,-156,-565,-565,-1879,-251,-2163,-1976]} 1. Nf3 d5 2. c4 d4 3. e3 Nc6 4. exd4 Nxd4 5. Nxd4 Qxd4 6. d3 c6 7. Nc3 Nh6 {A09: Réti Opening: 1 Nf3 d5 2 c4} 8. Be3 Qd6 9. Ne4 Qc7 $146 {The position is equal.} ({Predecessor:} 9... Qg6 10. f3 Nf5 11. Bf2 e5 12. Qd2 Be7 13. O-O-O O-O 14. h4 Rd8 15. g4 {0-1 (53) Espig,L (2405)-Korneev,O (2560) Bad Woerishofen 1998}) 10. Be2 Nf5 11. O-O g6 12. Qd2 Bg7 13. Bf4 Qd8 (13... e5 $5 {[%cal Re5f4]} 14. Bg5 O-O $15) 14. Bg4 O-O (14... e5 $15 15. Rfe1 O-O) 15. Bxf5 $11 Bxf5 16. Rfe1 Re8 17. Rad1 Qb6 18. b3 Rad8 19. Bh6 Bh8 20. Qf4 Qa5 21. h4 (21. Re2 $15) 21... Qxa2 {Played: Rd8xd3} 0-1

[Event "24th Barcelona Open-A 2019"]
[Site "Barcelona"]
[Date "2019.10.05"]
[Round "9.18"]
[White "Valenzuela Gomez, Fernando"]
[Black "Fisabilillah, Ummi"]
[Result "1/2-1/2"]
[WhiteElo "2383"]
[BlackElo "2196"]
[Annotator "TA"]
[PlyCount "62"]
[EventDate "2019.09.27"]
[EventType "swiss"]
[EventCountry "ESP"]
[SourceTitle "playchess.com"]
[Source "ChessBase"]
[SourceQuality "1"]

{[%evp 12,62,18,2,16,-12,0,0,34,17,35,29,27,25,60,53,140,120,122,48,148,107,120,113,147,116,125,126,108,116,132,96,84,86,93,87,87,-19,-10,-14,-20,-13,-17,-18,0,-141,-7,-162,-170,-229,-216,-199,-99]} 1. Nf3 Nf6 2. g3 b6 3. Bg2 Bb7 4. O-O g6 5. d3 Bg7 6. e4 d6 7. Nc3 O-O {A05: Réti Opening: 1 Nf3 Nf6} 8. Ng5 $146 ({Predecessor:} 8. a4 a6 9. Ng5 e5 10. f4 Nc6 11. f5 Ne7 12. g4 d5 13. Qe2 {1-0 (39) Sjugirov,S (2650)-Bortnyk,O (2610) Riadh 2017}) 8... e5 9. f4 Nc6 {The position is equal.} 10. f5 Nd4 11. g4 h6 12. Nh3 gxf5 13. gxf5 Kh7 (13... Kh8 $14) 14. Nd5 $1 $16 {[%cal Rd5f6]} Rg8 {Strongly threatening ...Nxd5.} 15. c3 (15. Nxf6+ $1 $16 Qxf6 16. c3) 15... Nc6 ({Black should play} 15... Nxd5 $14 16. exd5 Qh4 17. cxd4 Bf6 {[%mdl 64] Decoy}) 16. Nxf6+ Qxf6 17. Qh5 Bf8 18. Rf3 {Nf2 is the strong threat.} Be7 19. Rg3 Rxg3 20. hxg3 Rg8 21. Kh2 Qg7 {[#]} 22. g4 $1 {[%mdl 512]} f6 (22... Qxg4 23. Qxh6#) 23. Nf2 Nd8 24. g5 (24. Be3 $16) 24... fxg5 $11 25. Ng4 Bc6 26. Be3 Be8 27. Qh3 Rh8 28. d4 (28. Rf1 $11 Rf8 29. Bf3) 28... Nf7 (28... Kg8 $17 {aiming for ...h5.} 29. dxe5 dxe5) 29. Bf1 $2 {[#]} (29. Rf1 $11 {and White is okay.} Bf6 30. Kg1) 29... h5 $1 $19 {[%mdl 512] Black is clearly better.} 30. Bc4 {[#]} (30. f6 {might work better.} Bxf6 31. Nxf6+ Qxf6 32. Be2) (30. Qxh5+ Kg8) 30... Kg8 $1 31. Nf2 c6 {Accuracy: White = 40%, Black = 36%.} (31... Kf8 $19 {is more deadly.} 32. Qg3 Bf6) 1/2-1/2

[Event "24th Barcelona Open-A 2019"]
[Site "Barcelona"]
[Date "2019.10.05"]
[Round "9.19"]
[White "Lopez Manzano, Antonio"]
[Black "Palacin Martin, Ricardo"]
[Result "1/2-1/2"]
[WhiteElo "1852"]
[BlackElo "1985"]
[Annotator "NA"]
[PlyCount "20"]
[EventDate "2019.09.27"]
[EventType "swiss"]
[EventCountry "ESP"]
[SourceTitle "playchess.com"]
[Source "ChessBase"]
[SourceQuality "1"]
[TimeControl "5400+30"]

1. d4 {[%emt 0:00:00]} d5 {[%emt 0:00:00]} 2. Nf3 {[%emt 0:00:00]} Nf6 {[%emt 0:00:00]} 3. e3 {[%emt 0:00:00]} e6 {[%emt 0:00:22]} 4. Bd3 c5 {[%emt 0:02:56]} 5. b3 {[%emt 0:00:35]} b6 6. Qe2 {[%emt 0:03:14]} Be7 {[%emt 0:05:58]} 7. Ne5 {[%emt 0:03:29]} O-O {[%emt 0:01:23]} 8. Nd2 {[%emt 0:01:02]} Bb7 9. O-O {[%emt 0:01:26]} Nbd7 {[%emt 0:02:04]} 10. f4 {[%emt 0:02:56]} Ne4 {[%emt 0:00:47]} 1/2-1/2